000 00792nam a2200253Ia 4500
003 OSt
005 20220930064514.0
006 a|||||r|||| 00| 0
007 ta
008 220926b |||||||| |||| 00| 0 eng d
024 _a4311
037 _cTheses
040 _aCRL
_cCRL
_beng
041 _2eng
_aeng
100 _aGupta Vinod Kumar
_9524553
110 _aUniversity of Delhi. Faculty of Science. Department of Chemistry
_9519399
245 0 _aStudies on the metal complexes of 2 furan carboxaldoxine
260 _c1977
650 _aCHEMISTRY
700 _a Prof A N Bhat Supervisor
_9520744
700 _aUniversity of Delhi. Faculty of Science. Department of Chemistry
_9519402
942 _cDIS
_2CC
999 _c858279
_d858279